Statistics for Bilingue 2017

Click here to take the quiz!

General Stats

  • This quiz has been taken 11 times
  • The average score is 23 of 75

Answer Stats

HintAnswer% Correct
WhatO que
100%
GermanyAlemanha
75%
HowComo
75%
EgyptEgito
75%
PushEmpurrar
75%
SpainEspanha
75%
GreeceGrécia
75%
WhereOnde
75%
WhyPorque
75%
PullPuxar
75%
WhoQuem
75%
SeeVer
75%
HelpAjudar
50%
BellyBarriga
50%
ButtBunda
50%
CamisoleCamisola
50%
FryFritar
50%
IrelandIrlanda
50%
LadybugJoaninha
50%
LipsLabios
50%
SocksMeias
50%
ChestPeito
50%
WhenQuando
50%
EyebrowSobrancelha
50%
ForeheadTesta
50%
BeeAbelha
25%
Forearmantebraço
25%
SpiderAranha
25%
CockroachBarata
25%
BeetleBesouro
25%
CheekBochecha
25%
ButterflyBorboleta
25%
WorkbootsButina
25%
CicadaCigarra
25%
EyelashCilio
25%
CoconutCoco
25%
TermiteCupim
25%
CricketGrilo
25%
CaterpillarLarva
25%
DragonflyLibelula
25%
Praying MantisLouva Deus
25%
MittensLuvas sem dedo
25%
MothMariposa
25%
MaskMascara
25%
FlyMosca
25%
MosquitoMosquito
25%
EyelidPalpebra
25%
EarmuffsProtetor de orelha
25%
FleaPulga
25%
ChinQueixo
25%
TankRegata
25%
SwedenSuécia
25%
BraSutiã
25%
Bra topTop
25%
FireflyVagalume
25%
CalfBatata da Perna
0%
Stick BugBicho Pau
0%
NostrilBuraco do Nariz
0%
BustierBustier
0%
TrousersCalças
0%
TangaCalcinha
0%
ShinCanela
0%
GarterCinta Liga
0%
WaistCintura
0%
ThightCoxa
0%
BriefCueca
0%
BoyshortsCueca Boxer
0%
ThumbDedão
0%
ParadesDesfiles
0%
GrasshopperGafanhoto
0%
KnuckleNó do dedo
0%
Upper ArmParte de cima do braço
0%
WristPulso
0%
ClogTamanco
0%
WaspVespa
0%

Score Distribution

Percentile by Number Answered

Percent of People with Each Score

Your Score History

You have not taken this quiz